DPH sports series: (Record no. 153493)
[ view plain ]
| 000 -LEADER | |
|---|---|
| fixed length control field | 00550nam a22001937a 4500 |
| 003 - CONTROL NUMBER IDENTIFIER | |
| control field | dpl |
| 005 - DATE AND TIME OF LATEST TRANSACTION | |
| control field | 20180706135716.0 |
| 008 - FIXED-LENGTH DATA ELEMENTS--GENERAL INFORMATION | |
| fixed length control field | 180706b xxu||||| |||| 00| 0 eng d |
| 020 ## - INTERNATIONAL STANDARD BOOK NUMBER | |
| International Standard Book Number | 8171414532 |
| Terms of availability | 0.00 |
| 035 ## - SYSTEM CONTROL NUMBER | |
| System control number | A-945211, A-945203, A-945206 |
| 040 ## - CATALOGING SOURCE | |
| Original cataloging agency | DPL |
| Language of cataloging | EN |
| Transcribing agency | 0 |
| 082 ## - DEWEY DECIMAL CLASSIFICATION NUMBER | |
| Classification number | 797.21 |
| 100 ## - MAIN ENTRY--PERSONAL NAME | |
| Personal name | Dubey, H C |
| 245 ## - TITLE STATEMENT | |
| Title | DPH sports series: |
| Remainder of title | Swimming/ |
| Statement of responsibility, etc | by H C Dubey |
| 260 ## - PUBLICATION, DISTRIBUTION, ETC. (IMPRINT) | |
| Place of publication, distribution, etc | New Delhi |
| Name of publisher, distributor, etc | Discovery Publishing House |
| Date of publication, distribution, etc | 1999 |
| 300 ## - PHYSICAL DESCRIPTION | |
| Extent | v,34p; |
| Dimensions | 23cm. |
| 500 ## - GENERAL NOTE | |
| General note | including index |
| 942 ## - ADDED ENTRY ELEMENTS (KOHA) | |
| Source of classification or shelving scheme | Dewey Decimal Classification |
| Koha item type | English Books |
| Classification part | 797.21 |
| Call number suffix | DUB |
| Withdrawn status | Lost status | Source of classification or shelving scheme | Damaged status | Not for loan | Collection code | Home library | Current library | Date acquired | Source of acquisition | Cost, normal purchase price | Total Checkouts | Full call number | Barcode | Date last seen | Cost, replacement price | Price effective from | Koha item type |
|---|---|---|---|---|---|---|---|---|---|---|---|---|---|---|---|---|---|
| Dewey Decimal Classification | Non-fiction | Patel Nagar | Patel Nagar | 06/07/2018 | BPPD/Pub | 0.00 | 797.21 DUB | A-945211 | 06/07/2018 | 0.00 | 06/07/2018 | English Books | |||||
| Dewey Decimal Classification | Non-fiction | Patel Nagar | Patel Nagar | 06/07/2018 | BPPD/Pub | 0.00 | 797.21 DUB | A-945203 | 06/07/2018 | 0.00 | 06/07/2018 | English Books | |||||
| Dewey Decimal Classification | Non-fiction | Patel Nagar | Patel Nagar | 06/07/2018 | BPPD/Pub | 0.00 | 797.21 DUB | A-945206 | 06/07/2018 | 0.00 | 06/07/2018 | English Books | |||||
| Dewey Decimal Classification | Non-fiction | Yojana Vihar | Yojana Vihar | 12/07/2019 | BPPD/PUB | 525.00 | 797.21 DUB | A-945209 | 12/07/2019 | 525.00 | 12/07/2019 | English Books |
